[Event "Oebro Nytaar 2016"]
[Site "Copenhagen"]
[Date "2016.12.30"]
[Round "6.4"]
[White "Jacobsen, Mikkel Manosri"]
[Black "Reimanis, Ritvars"]
[Result "0-1"]
[WhiteElo "2264"]
[BlackElo "2257"]
[PlyCount "250"]
[EventDate "2016.12.??"]
[EventType "swiss"]
[EventRounds "7"]
[EventCountry "DEN"]
[WhiteClock "0:01:12"]
[BlackClock "0:00:28"]

1. Nf3 d5 2. b3 c5 3. e3 a6 4. c4 Nf6 5. Bb2 Nc6 6. cxd5 Nxd5 7. d3 e6 8. a3 b5
9. Nbd2 Bb7 10. Rc1 Rc8 11. Rc2 Nf6 12. Be2 Be7 13. O-O O-O 14. Qc1 Nd7 15. Qa1
Bf6 16. Bxf6 gxf6 17. Ne4 Nce5 18. Nxe5 fxe5 19. Nd6 Rb8 20. Nxb7 Rxb7 21. b4
cxb4 22. axb4 Rb6 23. Rfc1 Qe7 24. Rc7 Qd6 25. Qc3 Nf6 26. Bf3 Rd8 27. h3 Kg7
28. Rc5 Nd5 29. Bxd5 exd5 30. f4 Re8 31. e4 dxe4 32. dxe4 Qd4+ 33. Qxd4 exd4
34. e5 Rd8 35. Rc8 Rd5 36. Kf2 d3 37. Ke3 Rb7 38. R1c5 Rdd7 39. Rc1 Rd5 40. Rd1
Rbd7 41. Rc6 Rd4 42. Rd6 R4xd6 43. exd6 Rxd6 44. Rxd3 Re6+ 45. Kd4 Rd6+ 46. Ke3
Re6+ 47. Kf3 Re1 48. Rd4 Rg1 49. g4 Rh1 50. Kg3 Rc1 51. Rd6 Rc4 52. Rxa6 Rxb4
53. g5 Rb1 54. Rb6 b4 55. Kg4 b3 56. f5 b2 57. Kh5 h6 58. g6 Rf1 59. Rxb2 Rxf5+
60. Kg4 fxg6 61. Rb7+ Rf7 62. Rb8 h5+ 63. Kg5 Rf5+ 64. Kh4 Rf3 65. Rb7+ Kh6 66.
Rb6 Rf4+ 67. Kg3 Rc4 68. h4 Rc3+ 69. Kh2 Rf3 70. Rb7 Re3 71. Ra7 Re4 72. Kh3
Re8 73. Rb7 Rg8 74. Rb6 Rg7 75. Ra6 Rf7 76. Kg3 Kg7 77. Rb6 Re7 78. Ra6 Kf7 79.
Rb6 Re6 80. Rb7+ Kf6 81. Rb4 Re3+ 82. Kf4 Re6 83. Rb7 Ra6 84. Rb4 Rc6 85. Ra4
Rc1 86. Ra6+ Kg7 87. Kg3 Re1 88. Kf4 Rg1 89. Ra7+ Kh6 90. Ra6 Rg4+ 91. Kf3 Rxh4
92. Kg3 Rg4+ 93. Kh3 Re4 94. Ra5 Rf4 95. Kg3 Rf5 96. Ra6 Kg5 97. Rb6 Ra5 98.
Rb4 Ra3+ 99. Kg2 h4 100. Rb5+ Kh6 101. Rb4 g5 102. Rb6+ Kh5 103. Rb4 Ra5 104.
Rc4 g4 105. Rc8 Ra2+ 106. Kg1 Kg5 107. Rf8 h3 108. Rg8+ Kf4 109. Rb8 Kg3 110.
Rb3+ Kh4 111. Rc3 Ra4 112. Rb3 g3 113. Rb1 Rc4 114. Ra1 Kg4 115. Rb1 Re4 116.
Ra1 Re3 117. Rf1 Re2 118. Ra1 Kf3 119. Ra3+ Re3 120. Ra1 h2+ 121. Kh1 Kg4 122.
Kg2 Re2+ 123. Kh1 Kh3 124. Rg1 hxg1=Q+ 125. Kxg1 Re1# 0-1

[Event "Oebro Nytaar 2016"]
[Site "Copenhagen"]
[Date "2016.12.30"]
[Round "6.5"]
[White "Brondt, Nicolai Kvist"]
[Black "Rostgaard, Tobias Valentin"]
[Result "0-1"]
[WhiteElo "2132"]
[BlackElo "2338"]
[PlyCount "66"]
[EventDate "2016.12.??"]
[EventType "swiss"]
[EventRounds "7"]
[EventCountry "DEN"]
[WhiteClock "0:21:13"]
[BlackClock "0:22:38"]

1. d4 Nf6 2. Nf3 e6 3. c4 Bb4+ 4. Bd2 a5 5. g3 d6 6. Bg2 Nbd7 7. O-O e5 8. Bg5
exd4 9. Nxd4 h6 10. Bd2 Bxd2 11. Qxd2 O-O 12. Nc3 Nc5 13. b3 Re8 14. Qc2 Bg4
15. a3 c6 16. b4 Ne6 17. Nxe6 Bxe6 18. Qd3 Ng4 19. c5 dxc5 20. Qxd8 Raxd8 21.
bxc5 Bb3 22. Rab1 a4 23. Nxa4 Bxa4 24. Rxb7 Bb5 25. h3 Nf6 26. Ra1 Rd4 27. Rc7
Nd5 28. e3 Nxc7 29. exd4 Ra8 30. Rd1 Rxa3 31. d5 cxd5 32. Bxd5 Nxd5 33. Rxd5
Bc6 0-1

[Event "Oebro Nytaar 2016"]
[Site "Copenhagen"]
[Date "2016.12.30"]
[Round "6.6"]
[White "Thybo, Thomas Sondergaard"]
[Black "Seegert, Kristian"]
[Result "0-1"]
[WhiteElo "1820"]
[BlackElo "2255"]
[PlyCount "58"]
[EventDate "2016.12.??"]
[EventType "swiss"]
[EventRounds "7"]
[EventCountry "DEN"]
[WhiteClock "0:16:09"]
[BlackClock "0:24:05"]

1. Nf3 d6 2. d4 f5 3. Nc3 Nf6 4. Bg5 d5 5. Ne5 e6 6. e3 Be7 7. f3 O-O 8. Qd2 c5
9. Ne2 Nc6 10. Nd3 c4 11. Ne5 Qb6 12. Nxc6 Qxc6 13. Bf4 b5 14. c3 a5 15. Ng3 b4
16. Be2 Nd7 17. h4 a4 18. cxb4 a3 19. Kf2 Qb6 20. bxa3 Rxa3 21. Rab1 Bb7 22.
Qc2 Rfa8 23. Rb2 Bf6 24. Bg5 f4 25. Bxf4 Bxd4 26. exd4 Qxd4+ 27. Kf1 Qxf4 28.
Nh5 Qe5 29. f4 Qd4 0-1

[Event "Oebro Nytaar 2016"]
[Site "Copenhagen"]
[Date "2016.12.30"]
[Round "6.7"]
[White "Kragh, Niels Kristian"]
[Black "Olsen, Peter Erik"]
[Result "1/2-1/2"]
[WhiteElo "2121"]
[BlackElo "2228"]
[PlyCount "87"]
[EventDate "2016.12.??"]
[EventType "swiss"]
[EventRounds "7"]
[EventCountry "DEN"]
[WhiteClock "0:02:25"]
[BlackClock "0:05:29"]

1. e4 d5 2. d4 dxe4 3. Nc3 e5 4. Nxe4 Nf6 5. Nxf6+ Qxf6 6. dxe5 Qxe5+ 7. Be2
Bg4 8. Be3 Bxe2 9. Qxe2 Be7 10. Nf3 Qa5+ 11. Bd2 Qa6 12. c4 Qe6 13. Qxe6 fxe6
14. O-O-O Nc6 15. Rhe1 Kf7 16. Ng5+ Bxg5 17. Bxg5 Rhe8 18. Rd7+ Kg6 19. Bd2
Rac8 20. Re3 Re7 21. Rxe7 Nxe7 22. Rxe6+ Kf7 23. Re4 Nf5 24. Bc3 g6 25. b3 c6
26. f3 b5 27. Kb2 Nd6 28. Rd4 Ke6 29. cxb5 cxb5 30. Bb4 Nf5 31. Re4+ Kd5 32.
Bc3 Rc7 33. g4 Nh4 34. Re5+ Kc6 35. f4 Rf7 36. Re6+ Kc5 37. Bf6 Ng2 38. f5 gxf5
39. gxf5 Nf4 40. Ra6 Nd5 41. Bh4 Rxf5 42. Rxa7 h5 43. Ra8 Re5 44. Rc8+ 1/2-1/2

[Event "Oebro Nytaar 2016"]
[Site "Copenhagen"]
[Date "2016.12.30"]
[Round "6.8"]
[White "Haubro, Martin"]
[Black "Berg, Arthur"]
[Result "1-0"]
[WhiteElo "2353"]
[BlackElo "1983"]
[PlyCount "61"]
[EventDate "2016.12.??"]
[EventType "swiss"]
[EventRounds "7"]
[EventCountry "DEN"]
[WhiteClock "0:36:46"]
[BlackClock "0:06:44"]

1. d4 Nf6 2. c4 c5 3. d5 b5 4. cxb5 a6 5. bxa6 g6 6. Nc3 Bxa6 7. Nf3 d6 8. e4
Bxf1 9. Kxf1 Bg7 10. g3 Nbd7 11. Kg2 O-O 12. a4 Qa5 13. Bd2 Qa6 14. Qc2 Rfc8
15. h3 h6 16. Rhe1 Ne8 17. b3 Rcb8 18. Rab1 Nc7 19. Bf4 Nf6 20. Nd2 Ra7 21. Nc4
Rab7 22. Bd2 Qa8 23. Ne2 Ra7 24. b4 Rxa4 25. Na5 Ra3 26. Nc6 Ra2 27. Qd3 Re8
28. b5 Nxb5 29. Rxb5 Qa4 30. Nc3 Qc2 31. Qe2 1-0

[Event "Oebro Nytaar 2016"]
[Site "Copenhagen"]
[Date "2016.12.30"]
[Round "6.9"]
[White "Stage Steffensen, Sander"]
[Black "Nielsen, Viktor"]
[Result "0-1"]
[WhiteElo "1871"]
[BlackElo "2227"]
[PlyCount "118"]
[EventDate "2016.12.??"]
[EventType "swiss"]
[EventRounds "7"]
[EventCountry "DEN"]
[WhiteClock "0:12:47"]
[BlackClock "0:18:28"]

1. e4 e5 2. Nf3 Nc6 3. Bc4 Bc5 4. c3 Nf6 5. d3 a6 6. O-O Ba7 7. h3 O-O 8. Be3
d6 9. Bb3 Qe7 10. Nbd2 Rd8 11. Re1 Bxe3 12. fxe3 Na5 13. Bc2 c5 14. d4 Qc7 15.
d5 c4 16. Qe2 b5 17. a3 Nb7 18. Kh2 Nc5 19. Rf1 Qe7 20. Rab1 Rf8 21. Rg1 g6 22.
Rbf1 Ne8 23. g4 f6 24. Rg2 Ng7 25. Rfg1 Bd7 26. Qe1 Rf7 27. Nh4 Raf8 28. Kh1
Bc8 29. Kh2 Ne8 30. Qg3 Rg7 31. Qe1 Bb7 32. Ndf3 Bc8 33. Qb1 Nc7 34. Qd1 Bb7
35. Kh1 Kh8 36. Rd2 Na8 37. Rdg2 Nb6 38. Rf1 Nbd7 39. Rfg1 Kg8 40. Kh2 Nb6 41.
Kh1 Kh8 42. Rd2 Nba4 43. Bxa4 bxa4 44. Qc2 a5 45. Ng2 Qd7 46. Kh2 Ba6 47. Nge1
Rgf7 48. Nh4 Qe7 49. Kg3 Rb8 50. Rf1 Kg7 51. Nhg2 Qb7 52. Kh2 Qb3 53. Qxb3 cxb3
54. Rg1 Nxe4 55. Rd1 Be2 56. Rc1 Rb5 57. c4 Rc5 58. Nh4 Rfc7 59. Rg2 Bxc4 0-1

[Event "Oebro Nytaar 2016"]
[Site "Copenhagen"]
[Date "2016.12.30"]
[Round "6.10"]
[White "Murtuzov, Rauf Mubariz"]
[Black "Maselli, Daniel"]
[Result "1-0"]
[WhiteElo "2180"]
[BlackElo "1858"]
[PlyCount "103"]
[EventDate "2016.12.??"]
[EventType "swiss"]
[EventRounds "7"]
[EventCountry "DEN"]
[WhiteClock "0:27:37"]
[BlackClock "0:18:11"]

1. e4 c5 2. d4 cxd4 3. c3 d3 4. Bxd3 d6 5. h3 g6 6. Nf3 Bg7 7. O-O Nf6 8. Qe2
O-O 9. Rd1 Qc7 10. Na3 a6 11. Bf4 Nh5 12. Bh2 Nc6 13. Nc4 b5 14. Ne3 Nf6 15. a4
b4 16. Nd5 Nxd5 17. exd5 bxc3 18. dxc6 cxb2 19. Rab1 Rb8 20. Nd2 Be6 21. Bxa6
Qxc6 22. Bc4 Bxc4 23. Nxc4 Qxa4 24. Ne3 Rb7 25. Nd5 Qd7 26. Bg3 e6 27. Ne3 d5
28. Ng4 h5 29. Ne5 Qa4 30. Nd3 Qb5 31. Be5 Bxe5 32. Qxe5 Rfb8 33. Rxb2 Qa4 34.
Qxb8+ Rxb8 35. Rxb8+ Kg7 36. Rdb1 Qe4 37. Nc5 Qc2 38. Nd7 d4 39. Ne5 Qf5 40.
Nxf7 d3 41. Nd6 Qd5 42. R1b7+ Kh6 43. Nf7+ Kg7 44. Ng5+ Kf6 45. Nh7+ Ke5 46.
Rb5 d2 47. Rxd5+ exd5 48. Rb1 Kd4 49. Nf6 Kd3 50. Nxd5 Kc2 51. Rf1 d1=Q 52.
Ne3+ 1-0

[Event "Oebro Nytaar 2016"]
[Site "Copenhagen"]
[Date "2016.12.30"]
[Round "7.1"]
[White "Lauridsen, Jesper Morch"]
[Black "Hector, Jonny"]
[Result "1/2-1/2"]
[WhiteElo "2247"]
[BlackElo "2488"]
[PlyCount "29"]
[EventDate "2016.12.??"]
[EventType "swiss"]
[EventRounds "7"]
[EventCountry "DEN"]
[WhiteClock "0:59:01"]
[BlackClock "1:46:44"]

1. e4 e5 2. Nf3 Nc6 3. Bb5 a6 4. Bxc6 dxc6 5. O-O Bg4 6. h3 Bh5 7. d3 f6 8. Be3
c5 9. Nbd2 Bd6 10. c3 Ne7 11. Nb3 b6 12. d4 cxd4 13. cxd4 exd4 14. Nbxd4 Qd7
15. Re1 1/2-1/2

[Event "Oebro Nytaar 2016"]
[Site "Copenhagen"]
[Date "2016.12.30"]
[Round "7.2"]
[White "Korley, Kassa"]
[Black "Nilssen, John Arni"]
[Result "1-0"]
[WhiteElo "2377"]
[BlackElo "2311"]
[PlyCount "121"]
[EventDate "2016.12.??"]
[EventType "swiss"]
[EventRounds "7"]
[EventCountry "DEN"]
[WhiteClock "0:02:28"]
[BlackClock "0:01:07"]

1. d4 d5 2. Nf3 e6 3. c4 c6 4. Nc3 dxc4 5. g3 b5 6. Bg2 Bb7 7. O-O Nf6 8. Ne5
Nd5 9. e4 Nxc3 10. bxc3 Be7 11. Rb1 Nd7 12. Nxc4 O-O 13. Bf4 Nf6 14. Qe2 Ba6
15. Ne5 Rc8 16. Rfd1 Qa5 17. Qc2 Rfd8 18. Nd3 c5 19. Nxc5 Bxc5 20. dxc5 Rxc5
21. Be3 Rc4 22. Rxd8+ Qxd8 23. Rd1 Qc7 24. Bf1 Rc6 25. Qd3 h5 26. Qd8+ Qxd8 27.
Rxd8+ Kh7 28. Ra8 Rxc3 29. Rxa7 Ra3 30. Bxb5 Rxe3 31. fxe3 Bxb5 32. a4 Bc6 33.
a5 Kg6 34. Rc7 Bxe4 35. a6 Ng4 36. Rc4 Bd5 37. e4 Ba8 38. a7 Nf6 39. e5 Nd7 40.
Rc8 Be4 41. Kf2 Nxe5 42. Ke3 f5 43. h4 Kf6 44. Rf8+ Kg6 45. Kd2 Nd7 46. Rd8 Nb6
47. Kc3 Kf6 48. Kd4 Na8 49. Rf8+ Ke7 50. Rh8 Kd6 51. Rxh5 e5+ 52. Ke3 Ke6 53.
g4 g6 54. gxf5+ gxf5 55. Rg5 Kf6 56. Rg1 Nb6 57. h5 Nc4+ 58. Kf2 f4 59. h6 Nb6
60. Rg8 Kf7 61. Rb8 1-0

[Event "Oebro Nytaar 2016"]
[Site "Copenhagen"]
[Date "2016.12.30"]
[Round "7.3"]
[White "Rostgaard, Tobias Valentin"]
[Black "Reimanis, Ritvars"]
[Result "1-0"]
[WhiteElo "2338"]
[BlackElo "2257"]
[PlyCount "73"]
[EventDate "2016.12.??"]
[EventType "swiss"]
[EventRounds "7"]
[EventCountry "DEN"]
[WhiteClock "0:22:11"]
[BlackClock "0:29:18"]

1. e4 c5 2. Nf3 Nc6 3. Bb5 g6 4. Bxc6 bxc6 5. O-O Bg7 6. Re1 Nh6 7. c3 f6 8. d4
cxd4 9. cxd4 Nf7 10. Nc3 O-O 11. Be3 d6 12. h3 Qa5 13. Qd2 Bd7 14. Rac1 Qa6 15.
Nh2 f5 16. exf5 Bxf5 17. Rcd1 Rad8 18. Ng4 Bxg4 19. hxg4 d5 20. Bf4 c5 21. dxc5
d4 22. Ne4 Qxa2 23. Ra1 Qb3 24. Rxa7 d3 25. Rxe7 Qxb2 26. Qxb2 Bxb2 27. Rb1
Rfe8 28. Rxe8+ Rxe8 29. c6 Rxe4 30. c7 Rc4 31. Rxb2 Kg7 32. Rd2 g5 33. Bg3 Rc1+
34. Kh2 Kf6 35. Rxd3 Ke7 36. f3 Ke8 37. Ra3 1-0

[Event "Oebro Nytaar 2016"]
[Site "Copenhagen"]
[Date "2016.12.30"]
[Round "7.4"]
[White "Seegert, Kristian"]
[Black "Jacobsen, Mikkel Manosri"]
[Result "0-1"]
[WhiteElo "2255"]
[BlackElo "2264"]
[PlyCount "64"]
[EventDate "2016.12.??"]
[EventType "swiss"]
[EventRounds "7"]
[EventCountry "DEN"]
[WhiteClock "0:18:25"]
[BlackClock "1:34:09"]

1. e4 e5 2. Nf3 Nc6 3. Bb5 a6 4. Ba4 Nf6 5. O-O Be7 6. Re1 b5 7. Bb3 d6 8. c3
O-O 9. h3 Na5 10. Bc2 c5 11. d4 Nd7 12. Nbd2 exd4 13. cxd4 Nc6 14. d5 Nce5 15.
Nxe5 Nxe5 16. f4 Ng6 17. Nf3 Bh4 18. Rf1 Bg3 19. Nh2 Qh4 20. Qf3 f5 21. a4 fxe4
22. Bxe4 Nxf4 23. Bxf4 Rxf4 24. Qd3 Bxh2+ 25. Kxh2 Rxe4 26. axb5 a5 27. Qc3 Bb7
28. Rf5 Rf8 29. Rxf8+ Kxf8 30. Rf1+ Kg8 31. Qxa5 Qe7 32. Qb6 h6 0-1

[Event "Oebro Nytaar 2016"]
[Site "Copenhagen"]
[Date "2016.12.30"]
[Round "7.5"]
[White "Moe, Mogens"]
[Black "Haubro, Martin"]
[Result "0-1"]
[WhiteElo "2151"]
[BlackElo "2353"]
[PlyCount "140"]
[EventDate "2016.12.??"]
[EventType "swiss"]
[EventRounds "7"]
[EventCountry "DEN"]
[WhiteClock "0:17:57"]
[BlackClock "0:03:08"]

1. e4 e6 2. d4 d5 3. Nd2 Be7 4. Bd3 Nf6 5. e5 Nfd7 6. c3 c5 7. Ne2 Nc6 8. O-O
Qb6 9. Nf3 Nf8 10. dxc5 Bxc5 11. b4 Be7 12. Re1 Ng6 13. Ned4 Bd7 14. Nxc6 bxc6
15. Be3 Qc7 16. Bd4 O-O 17. Qc2 c5 18. bxc5 Bxc5 19. Qd2 Qa5 20. Qg5 Be7 21.
Qg4 Rfb8 22. h4 Nf8 23. Re3 Bb5 24. Ng5 Bxd3 25. Rxd3 Qd8 26. Rf3 Bxg5 27. hxg5
Qe7 28. Rh3 Rb7 29. f4 Rab8 30. f5 exf5 31. Qxf5 Qe6 32. Qd3 Qg6 33. Bc5 Ne6
34. Qxg6 hxg6 35. Bd6 Rb1+ 36. Rxb1 Rxb1+ 37. Kh2 Rb2 38. a3 Nxg5 39. Rd3 Ne6
40. Rxd5 Nf4 41. Ra5 Rxg2+ 42. Kh1 Rc2 43. Rxa7 g5 44. Rc7 g4 45. Rc4 g5 46. e6
Nxe6 47. Rxg4 Rxc3 48. Rg2 Rc4 49. Ra2 Ra4 50. Rf2 Ra6 51. Be7 Ra7 52. Bd6 Kg7
53. Be5+ Kg6 54. Rf6+ Kh5 55. Kh2 Kg4 56. a4 Nf8 57. Rf2 f5 58. Rg2+ Kh5 59.
Ra2 Ng6 60. Bd4 Ra6 61. a5 f4 62. Bb6 Nh4 63. Ra4 Kg4 64. Rc4 Ra8 65. Ra4 Ra6
66. Rc4 Nf5 67. Rc7 Ra8 68. Ra7 Rh8+ 69. Kg1 Ng3 70. Rf7 Kf3 0-1

[Event "Oebro Nytaar 2016"]
[Site "Copenhagen"]
[Date "2016.12.30"]
[Round "7.6"]
[White "Olsen, Peter Erik"]
[Black "Pasztor, Mads"]
[Result "1/2-1/2"]
[WhiteElo "2228"]
[BlackElo "1856"]
[PlyCount "36"]
[EventDate "2016.12.??"]
[EventType "swiss"]
[EventRounds "7"]
[EventCountry "DEN"]
[WhiteClock "0:44:30"]
[BlackClock "1:00:11"]

1. d4 e6 2. Nf3 Nf6 3. Bg5 Be7 4. e3 O-O 5. Bd3 c5 6. O-O b6 7. Qe2 cxd4 8.
exd4 Bb7 9. c3 Nd5 10. Bxe7 Qxe7 11. g3 d6 12. Nbd2 Nd7 13. Rfe1 Rae8 14. Nc4
f5 15. Rad1 Rf7 16. Nfd2 Rf6 17. f4 Nxf4 18. Qf1 Nxd3 1/2-1/2

[Event "Oebro Nytaar 2016"]
[Site "Copenhagen"]
[Date "2016.12.30"]
[Round "7.7"]
[White "Nielsen, Viktor"]
[Black "Skovgaard, Andreas"]
[Result "1-0"]
[WhiteElo "2227"]
[BlackElo "1820"]
[PlyCount "77"]
[EventDate "2016.12.??"]
[EventType "swiss"]
[EventRounds "7"]
[EventCountry "DEN"]
[WhiteClock "0:47:38"]
[BlackClock "0:30:12"]

1. e4 c5 2. Nf3 d6 3. d4 cxd4 4. Nxd4 g6 5. c4 Bg7 6. Be2 Nf6 7. Nc3 O-O 8. O-O
Nbd7 9. Be3 Nc5 10. f3 a5 11. Rb1 Ne8 12. Qd2 e5 13. Ndb5 Ne6 14. Rfd1 f5 15.
Nxd6 Nxd6 16. Qxd6 Qh4 17. Qd2 f4 18. Bf2 Qg5 19. Nb5 Rd8 20. Qe1 Rxd1 21. Rxd1
Qe7 22. Qd2 Ra6 23. a3 Nd4 24. Nxd4 exd4 25. c5 Rc6 26. b4 axb4 27. axb4 Be6
28. Bxd4 Bb3 29. Rb1 Qd7 30. Bc3 Qxd2 31. Bxd2 Ba2 32. Rc1 g5 33. Bc3 Bf8 34.
Ra1 Be6 35. Kf1 h6 36. Ra8 Rc7 37. Be5 Rd7 38. Bd6 Rf7 39. Rb8 1-0

[Event "Oebro Nytaar 2016"]
[Site "Copenhagen"]
[Date "2016.12.30"]
[Round "7.8"]
[White "Thuesen, Mogens Henrik"]
[Black "Kragh, Niels Kristian"]
[Result "0-1"]
[WhiteElo "2212"]
[BlackElo "2121"]
[PlyCount "72"]
[EventDate "2016.12.??"]
[EventType "swiss"]
[EventRounds "7"]
[EventCountry "DEN"]
[WhiteClock "0:10:45"]
[BlackClock "0:42:52"]

1. d4 d5 2. Nc3 e6 3. e4 Bb4 4. Nge2 Nc6 5. e5 f6 6. exf6 Qxf6 7. a3 Ba5 8. h4
Nge7 9. Bg5 Qf7 10. Rh3 O-O 11. Rf3 Qe8 12. Qd3 Rxf3 13. Qxf3 Nf5 14. O-O-O Bd7
15. g4 Nd6 16. Ng3 b5 17. Nxb5 Nxb5 18. Bxb5 Nxd4 19. Rxd4 Bxb5 20. Nh5 c5 21.
Rf4 Bc7 22. Rf6 Be5 23. Qb3 gxf6 24. Bxf6 Qb8 25. Qe3 Bxf6 26. Qxe6+ Kf8 27.
Qxf6+ Ke8 28. Qe6+ Kd8 29. Qxd5+ Kc7 30. Qxc5+ Bc6 31. Qe7+ Kb6 32. Qxh7 Qe5
33. Kb1 Rd8 34. Qh6 Rd1+ 35. Ka2 Qd5+ 36. b3 Qd4 0-1

[Event "Oebro Nytaar 2016"]
[Site "Copenhagen"]
[Date "2016.12.30"]
[Round "7.9"]
[White "Porte, Henrik"]
[Black "Murtuzov, Rauf Mubariz"]
[Result "1-0"]
[WhiteElo "2062"]
[BlackElo "2180"]
[PlyCount "79"]
[EventDate "2016.12.??"]
[EventType "swiss"]
[EventRounds "7"]
[EventCountry "DEN"]
[WhiteClock "0:15:33"]
[BlackClock "0:17:32"]

1. d4 Nf6 2. c4 g6 3. Nc3 Bg7 4. e4 d6 5. Nf3 O-O 6. Be2 e5 7. O-O Nc6 8. d5
Ne7 9. b4 Ne8 10. Re1 f5 11. Ng5 c6 12. c5 h6 13. cxd6 Qxd6 14. Ne6 Bxe6 15.
dxe6 Qxe6 16. Qc2 Nd6 17. Bb2 f4 18. f3 g5 19. Rad1 Qg6 20. b5 Nxb5 21. Nxb5
cxb5 22. Ba3 Rfe8 23. Rd6 Qf7 24. Bxb5 Rec8 25. Qd3 Qxa2 26. Bd7 Kh7 27. Be6
Qc2 28. Bxc8 Rxc8 29. Qxc2 Rxc2 30. Rd7 Ng6 31. Rxb7 g4 32. Rd1 gxf3 33. Rdd7
Rxg2+ 34. Kf1 Nh4 35. Bf8 Rxh2 36. Rxg7+ Kh8 37. Bd6 Rh1+ 38. Rg1 Rxg1+ 39.
Kxg1 Ng6 40. Rxa7 1-0

[Event "Oebro Nytaar 2016"]
[Site "Copenhagen"]
[Date "2016.12.30"]
[Round "7.10"]
[White "Andersen, Soren Mikkel"]
[Black "Brondt, Nicolai Kvist"]
[Result "1/2-1/2"]
[WhiteElo "2067"]
[BlackElo "2132"]
[PlyCount "54"]
[EventDate "2016.12.??"]
[EventType "swiss"]
[EventRounds "7"]
[EventCountry "DEN"]
[WhiteClock "0:36:22"]
[BlackClock "0:20:18"]

1. d4 Nf6 2. c4 c5 3. d5 b5 4. cxb5 a6 5. f3 e6 6. e4 c4 7. Bxc4 axb5 8. Bb3
Bc5 9. Nh3 Qb6 10. Nc3 O-O 11. Bg5 Na6 12. Bh4 exd5 13. Nxd5 Nxd5 14. Bxd5 Bb7
15. Bxb7 Bb4+ 16. Kf1 Qxb7 17. Nf4 f5 18. Qd5+ Qxd5 19. Nxd5 fxe4 20. Nxb4 Nxb4
21. Be7 Nc2 22. Rc1 Rfe8 23. Rxc2 Rxe7 24. b3 d5 25. fxe4 Rxe4 26. g3 Rae8 27.
Kf2 Rf8+ 1/2-1/2